• 首页
  • 本馆介绍
  • 公告通知
  • 最新文献
  • 馆藏检索
  • 电子资源
  • 读者导购
  • 参考咨询
  • 我的图书馆
  • 登录
  • 详细信息显示
  • 放入我的书架
  • 预约/预借图书
  • 作者相关作品
  • 分类相关作品
  • 丛书相关作品
  • 出版社相关作品

书目信息

  • 表格格式
  • 工作单格式
  • 卡片格式
题名:
传说时代
    
 
作者: 张伟 著
分册:  
出版信息: 北京   中国电影出版社  2017
页数: 263页
开本: 24cm
丛书名:
单 册:
中图分类: K220.9
科图分类:
主题词: 中国历史--古代史--通俗读物
电子资源:
ISBN: 978-7-106-04658-3
000 00660nam0 2200217 450
001 5246
005 20180528180404.78
010    @a978-7-106-04658-3@dCNY36.80
100    @a20170619d2017 em y0chiy50 ea
101 0  @achi
102    @aCN@b110000
105    @ay z 000yy
200 1  @a传说时代@9chuan shuo shi dai@e从三万英尺俯瞰中国历史@f张伟著
210    @a北京@c中国电影出版社@d2017
215    @a263页@d24cm
517 1  @a从三万英尺俯瞰中国历史@9cong san wan ying chi fu kan zhong guo li shi
606 0  @a中国历史@x古代史@j通俗读物
690    @aK220.9@v5
701  0 @a张伟@9zhang wei@4著
801  0 @aCN@b91MARC@c20170619
905    @aMuseLib@dK220.9@e121
    
    传说时代:从三万英尺俯瞰中国历史/张伟著.-北京:中国电影出版社,2017
    263页;24cm
    
    
    ISBN 978-7-106-04658-3:CNY36.80
    
●
相关链接 在E读中查询图书 在五车中查询图书 在当当中查询图书 在豆瓣中查询图书


正题名:传说时代     索取号:K220.9/121         预约/预借

序号 登录号 条形码 馆藏地/架位号 状态 备注
1 1112547   211125478   第二样本阅览室/ [索取号:K220.9/121] 在馆    
2 1112548   211125487   教育系资料室/ [索取号:K220.9/121] 在馆    
3 1112549   211125496   教育系资料室/ [索取号:K220.9/121] 在馆    
4 1112550   211125502   第二借阅区/ [索取号:K220.9/121] 在馆    
唐山师范学院图书馆 欢迎您!
大连网信软件有限公司© 版权所有